000 00706nam a2200253Ia 4500
003 OSt
005 20220923214758.0
006 a|||||r|||| 00| 0
007 ta
008 220922b |||||||| |||| 00| 0 hin d
024 _a172,667
037 _cTextual
040 _aARTS
_cARTS
_bhin
041 _2hin
_ahin
082 _aO152,3NMAx, K4
100 _aमार्कण्डेय
245 0 _aसहज और शुुभ
246 _aSahaj aur shuubha
250 _aसंस्क0 6
260 _c1964
650 _aहिन्दी साहित्य
_9156264
942 _hO152,3NMAx, K4
_cTEXL
_2CC
999 _c326675
_d326675